| Поле | Инд. | ПП | Название | Значение |
|---|---|---|---|---|
| Тип записи | a | |||
| Библиографический уровень | b | |||
| 001 | Контрольный номер | RU/IS/BASE/257352855 | ||
| 005 | Дата корректировки | 20240403144222.0 | ||
| 008 | Кодируемые данные | 20080226 | ||
| 040 | b | Код языка каталог. | rus | |
| e | Правила каталог. | PSBO | ||
| 041 | 0_ | a | Код языка текста | rus |
| 084 | a | Индекс другой классификации/Индекс ББК | 81.411-22-3 | |
| 100 | 1_ | a | Автор | Виноградова Е. Н. |
| 100 | 1_ | a | Автор | Важник С. А. |
| 100 | 1_ | a | Автор | Ситарь А. В. |
| 245 | 10 | a | Заглавие | К вопросу об описании содержательного аспекта предложения |
| b | Продолж. заглавия | (на материале восточнославянских языков) | ||
| n | Номер части/ раздела | Статья 2 | ||
| p | Название части/ раздела | Типы донатива и средства его выражения | ||
| 504 | a | Библиография | Библиогр. - Примеч.: с. 29 - 30 | |
| 520 | 0_ | a | Аннотация | Актуальной задачей является представление и описание содержательного компонента предложения. Для этого предложено понятие типовой ситуации. Типовая ситуация передачи объекта в данном случае представлена типовой ситуацией платы. В данной статье анализируется донатив (обозначающий материальный объект как средство платы, передаваемое одним лицом другому), который является наиболее сложным участником с точки зрения структуры |
| 650 | 04 | a | Основная рубрика | грамматика |
| a | Основная рубрика | лексикология | ||
| a | Основная рубрика | русский язык | ||
| a | Основная рубрика | филологические науки | ||
| a | Основная рубрика | частное языкознание; синтаксис; лексическая семантика | ||
| a | Основная рубрика | языкознание | ||
| 653 | 0_ | a | Ключевые слова | белорусский язык |
| a | Ключевые слова | взыскание | ||
| a | Ключевые слова | восточнославянские языки | ||
| a | Ключевые слова | деньги | ||
| a | Ключевые слова | донатив | ||
| a | Ключевые слова | плата | ||
| a | Ключевые слова | платежи | ||
| a | Ключевые слова | поощрение | ||
| a | Ключевые слова | предикаты | ||
| a | Ключевые слова | предложение | ||
| a | Ключевые слова | семантика | ||
| a | Ключевые слова | семантика предложения | ||
| a | Ключевые слова | синтаксис семантический | ||
| a | Ключевые слова | ситуация платы | ||
| a | Ключевые слова | славянские языки | ||
| a | Ключевые слова | типы донатива | ||
| a | Ключевые слова | украинский язык | ||
| 773 | 0_ | t | Заглавие источника | Вестник Московского университета. Серия 9, Филология |
| d | Дата издания источника | 2007 | ||
| g | Прочая информация | № 3. - С. 7 - 30 : табл. | ||
| w | Контрольный № источника | RU/IS/BASE/238074426 | ||
| 901 | t | Тип документа | b |